Die Sentenz im Drama von Kleist, Büchner und Brecht : Wesensbestimmung u. Funktionswandel /

Saved in:
Bibliographic Details
Main Author: Bernath, Peter, 1941-
Format: Book
Language:German
Published: Bonn : Bouvier, 1976.
Edition:1. Aufl.
Series:Studien zur Germanistik, Anglistik und Komparatistik ; Bd. 47
Subjects:
LEADER 01386nam a2200337 i 4500
001 c000331223
003 CARM
005 00000000000000.0
008 770706s1976 gw b 00110 ger
015 |a GFR76-A 
019 1 |a 958585  |z 12434692  |5 LACONCORD2021 
020 |a 3416012585 :  |c DM58.00 
035 |a (OCoLC)3023147  |5 LACONCORD2021 
043 |a e-gx--- 
050 0 0 |a PT619  |b .B47 
100 1 |a Bernath, Peter,  |d 1941- 
245 1 4 |a Die Sentenz im Drama von Kleist, Büchner und Brecht :  |b Wesensbestimmung u. Funktionswandel /  |c Peter Bernath. 
250 |a 1. Aufl. 
260 |a Bonn :  |b Bouvier,  |c 1976. 
300 |a 407 p. ;  |c 23 cm. 
490 0 |a Studien zur Germanistik, Anglistik und Komparatistik ; Bd. 47  |x 0340-594X 
500 |a Includes index. 
504 |a Bibliography: p. 373-400. 
600 1 0 |a Kleist, Heinrich von,  |d 1777-1811  |x Criticism and interpretation. 
600 1 0 |a Büchner, Georg,  |d 1813-1837  |x Criticism and interpretation. 
600 1 0 |a Brecht, Bertolt,  |d 1898-1956  |x Criticism and interpretation. 
650 0 |a German drama  |x History and criticism. 
650 0 |a Aphorisms and apothegms  |x History and criticism. 
852 8 |b CARM  |h A1:AL21C0  |i C10536  |p 0451898  |f BK 
999 f f |i 4d1d8aae-aa11-5f5d-bb5c-1adc4520c441  |s 29e602e7-c7c3-5f45-be58-044bea2e0e42 
952 f f |p Can circulate  |a CAVAL  |b CAVAL  |c CAVAL  |d CARM 1 Store  |e C10536  |f A1:AL21C0  |h Other scheme  |i book  |m 0451898